Planificación y control del entrenamiento de resistencia: software de entrenamiento

Uloženo v:
Podrobná bibliografie
Hlavní autor: García-Verdugo Delmas, Mariano (Autor)
Médium: Kniha
Jazyk:španělština
Vydáno: Barcelona Paidotribo 2008
Vydání:1a. ed
Témata:
Tagy: Přidat tag
Žádné tagy, Buďte první, kdo vytvoří štítek k tomuto záznamu!

MARC

LEADER 00000nam a2200000 a 4500
001 UCH1526
003 CL-VaPUC
008 090430e20080000SP |||||||||||||||||spa|d
020 |a 9788480191425 
082 0 4 |a 613.711  |b GAR  |2 21 
100 |a García-Verdugo Delmas, Mariano  |e author  |9 542046 
245 1 0 |a Planificación y control del entrenamiento de resistencia: software de entrenamiento 
250 |a 1a. ed 
300 |a 145 p 
942 |c BK 
945 |d 20090430 00:00:00  |a rbrito 
260 |a Barcelona  |b Paidotribo  |c 2008 
500 |a Incluye CD 
650 7 |a ENTRENAMIENTO ATLETICO  |2 CL-VaPUC  |9 536025 
650 7 |a RESISTENCIA FISICA  |2 CL-VaPUC  |9 387908 
650 0 |a Ejercicios físicos  |9 307296 
650 7 |a PLANIFICACION DEPORTIVA  |2 CL-VaPUC  |9 388048 
650 0 |a Deportes  |9 224367 
583 |a last modification  |c 20090430 00:00:00  |k Rodrigo Vera 
999 |c 333537  |d 333535 
952 |0 0  |1 0  |4 0  |6 613_711000000000000_GAR_2008  |7 0  |8 A  |9 421997  |a BIBEDU  |b BIBEDU  |d 2019-11-22  |i 4540670  |o 613.711 GAR 2008  |p 4540670  |r 2019-11-22  |w 2019-11-22  |y BK  |k EFI 
952 |0 0  |1 0  |4 0  |6 613_711000000000000_GAR_2008  |7 0  |8 A  |9 421998  |a BIBEDU  |b BIBEDU  |d 2019-11-22  |i 4551850  |o 613.711 GAR 2008  |p 4551850  |r 2019-11-22  |w 2019-11-22  |y BK  |k EFI 
952 |0 0  |1 0  |4 0  |6 613_711000000000000_GAR_2008  |7 0  |8 C  |9 421999  |a BIBCUR  |b BIBCUR  |d 2019-11-22  |i 4712994  |l 1  |o 613.711 GAR 2008  |p 4712994  |r 2025-04-22  |s 2025-01-06  |w 2019-11-22  |y BK  |k DEN